Страховой аудит. 1996, № 1/2 (4/5): СТРАХОВАНИЕ ренты, дополнительной пенсии. Годовая бухгалтерская отчетность страховых организаций (Запись № 7346174)

Подробности
000 -МАРКЕР
контрольное поле 02302nam2a22003011 4500
001 - ИДЕНТИФИКАТОР ЗАПИСИ
контрольное поле rc\134904
005 - ИДЕНТИФИКАТОР ВЕРСИИ
контрольное поле 20250620202948.0
010 ## - МЕЖДУНАРОДНЫЙ СТАНДАРТНЫЙ НОМЕР КНИГИ (ISBN)
Номер (ISBN) 5-900776-14-X
Тираж 2000
035 ## - ДРУГИЕ СИСТЕМНЫЕ НОМЕРА
Идентификатор записи (NLR Aleph) 005408268
100 ## - ДАННЫЕ ОБЩЕЙ ОБРАБОТКИ
Данные общей обработки 20030307d1996 |||y0rusy50 ca
101 0# - ЯЗЫК РЕСУРСА
Язык текста, звукозаписи и т.д. русский
102 ## - СТРАНА ПУБЛИКАЦИИ ИЛИ ПРОИЗВОДСТВА
Страна публикации Российская Федерация
105 ## - ПОЛЕ КОДИРОВАННЫХ ДАННЫХ: ТЕКСТОВЫЕ МАТЕРИАЛЫ, МОНОГРАФИЧЕСКИЕ
Кодированные данные о монографическом текстовом документе y |||||||||
200 1# - ЗАГЛАВИЕ И СВЕДЕНИЯ ОБ ОТВЕТСТВЕННОСТИ
Основное заглавие СТРАХОВАНИЕ ренты, дополнительной пенсии. Годовая бухгалтерская отчетность страховых организаций
Сведения, относящиеся к заглавию (Инструкция, рекомендации)
Первые сведения об ответственности Редкол.: Е.Ю. Бойко и др.
210 ## - ПУБЛИКАЦИЯ, РАСПРОСТРАНЕНИЕ И ДР.
Место издания, распространения и т.д. М.
Имя издателя, распространителя и т. д. Б. и.
Дата издания, распространения и т.д. 1996
215 ## - ФИЗИЧЕСКАЯ ХАРАКТЕРИСТИКА
Специфическое обозначение материала и объем 45 с.
Размеры 29
225 2# - СЕРИЯ
Основное заглавие серии Страховой аудит
Сведения, относящиеся к заглавию Ежекварт. прил. к журн. "Аудит и налогообложение"
Сведения об ответственности Учредители: Междунар. консультатив.-правовой центр по вопр. налогообложения юрид. и физ. лиц (МКПЦН) и Ред. журн. "Аудит и налогообложение" (ТОО "АиН")
Обозначение тома № 1/2 (4/5)
225 1# - СЕРИЯ
Основное заглавие серии Библиотечка журнала "Аудит и налогообложение"
461 #0 - УРОВЕНЬ НАБОРА
Встроенное поле 001RU\NLR\INFOCOMM18\1000230569
-- 2001#$aСтраховой аудит$eЕжекварт. прил. к журн. "Аудит и налогообложение"$fУчредитель: Междунар. консультатив.-правовой центр по вопр. налогообложения юрид. и физ. лиц. (МКПЦН) и Ред. журн. "Аудит и налогообложение" (ТОО "АиН")$v1996, № 1/2 (4/5)
Системный номер (АБИС) связанной записи 4602518
Место публикации М.
Дата публикации 1996 -
Первые сведения об ответственности Учредитель: Междунар. консультатив.-правовой центр по вопр. налогообложения юрид. и физ. лиц. (МКПЦН) и Ред. журн. "Аудит и налогообложение" (ТОО "АиН")
Сведения, относящиеся к заглавию Ежекварт. прил. к журн. "Аудит и налогообложение"
Заглавие Страховой аудит
Номер тома 1996, № 1/2 (4/5)
702 #1 - ИМЯ ЛИЦА - ВТОРИЧНАЯ ОТВЕТСТВЕННОСТЬ
Начальный элемент ввода Бойко
Часть имени, кроме начального элемента ввода Е. Ю.
Код отношения Редактор
801 #0 - ИСТОЧНИК ЗАПИСИ
Страна Российская Федерация
Организация NLR
Правила каталогизации psbo
801 #1 - ИСТОЧНИК ЗАПИСИ
Страна Российская Федерация
Организация ELAR
Источник данных rusmarc
852 ## - МЕСТОНАХОЖДЕНИЕ И ШИФР ХРАНЕНИЯ
Идентификатор организации NLR
Шифр хранения (Call Number) П23/3741
942 ## - ДОПОЛНИТЕЛЬНЫЕ ЭЛЕМЕНТЫ ЗАПИСИ (АБИС)
Тип экземпляра АБИС Выпуск
980 ## - КОЛЛЕКЦИЯ
Название коллекции Национальная библиография
980 ## - КОЛЛЕКЦИЯ
Название коллекции Русская периодика

Нет доступных экземпляров.